Statistics for Top 20 Most Famous English Words

Click here to take the quiz!

General Stats

  • This quiz has been taken 1,010 times
  • The average score is 15 of 20

Answer Stats

%Answer% Correct
98A
97%
96I
96%
96The
95%
83An
85%
89He
84%
82You
79%
78She
77%
92Be
74%
78We
74%
65In
70%
70It
70%
77No
70%
69They
69%
68And
68%
70On
68%
74To
65%
77Do
64%
66Me
64%
73Go
62%
70Her
61%

Score Distribution

Percentile by Number Answered

Percent of People with Each Score

Your Score History

You have not taken this quiz